| 000 | 00601nam a2200205 i 4500 | ||
|---|---|---|---|
| 001 | 81409 | ||
| 003 | ES-MaACL | ||
| 005 | 20250814065627.0 | ||
| 007 | t| | ||
| 008 | 041104s1934 xxu ||||1| eng d | ||
| 100 | 0 |
_aHuntington, Ellsworth. _964748 |
|
| 245 | 1 | 0 |
_aPrinciples of human geography / _cby Ellswoth Huntington and Sumner W. Cushing. |
| 250 | _a4th ed. | ||
| 260 |
_aNew York : _bJohn Wiley, _c1934. |
||
| 300 |
_aXXII, 467 p. ; _c23 cm. |
||
| 650 | 7 |
_aGeografĂa humana _2embne _9136176 |
|
| 700 | 1 |
_aCushing, Sumner W. _942262 |
|
| 852 |
_aES-MaACL _jA-2973 |
||
| 999 |
_c81409 _d81409 |
||